Vývojové tendencie v podnikovej sfére

Stav svetovej ekonomiky ovplyvňuje aj vývoj podnikov. Globalizácia, informačné technológie, demografický vývoj. Vývojové tendencie podnikov v rozvinutých ekonomikách. Vývojové tendencie podnikov na Slovensku.

Na minha lista:
Detalhes bibliográficos
Autor principal: Vlachynský, Karol
Formato: Capítulo de Livro
Idioma:eslovaco
inglês
Assuntos:
Tags: Adicionar Tag
Sem tags, seja o primeiro a adicionar uma tag!

MARC

LEADER 00000naa a2200000 4500
001 r045215
005 20231002074510.1
041 0 |a slo 
041 0 |a eng 
044 |a SK 
245 1 0 |a Vývojové tendencie v podnikovej sfére  |c Karol Vlachynský 
520 |a Stav svetovej ekonomiky ovplyvňuje aj vývoj podnikov. Globalizácia, informačné technológie, demografický vývoj. Vývojové tendencie podnikov v rozvinutých ekonomikách. Vývojové tendencie podnikov na Slovensku. 
610 2 0 |a vývoj podniku 
610 2 0 |a hospodárstvo svetové 
610 2 0 |a globalizácia 
610 2 0 |a technológie informačné 
610 2 0 |a demografia 
610 2 0 |a krajiny vyspelé 
610 2 0 |a Slovensko 
100 1 |a Vlachynský, Karol